|
|
|
|
| LEADER |
03474nam a22004575i 4500 |
| 001 |
978-88-470-2504-2 |
| 003 |
DE-He213 |
| 005 |
20151204164110.0 |
| 007 |
cr nn 008mamaa |
| 008 |
120725s2012 it | s |||| 0|ita d |
| 020 |
|
|
|a 9788847025042
|9 978-88-470-2504-2
|
| 024 |
7 |
|
|a 10.1007/978-88-470-2504-2
|2 doi
|
| 040 |
|
|
|d GrThAP
|
| 050 |
|
4 |
|a R895-920
|
| 072 |
|
7 |
|a MMPH
|2 bicssc
|
| 072 |
|
7 |
|a MMP
|2 bicssc
|
| 072 |
|
7 |
|a MED008000
|2 bisacsh
|
| 082 |
0 |
4 |
|a 616.0757
|2 23
|
| 245 |
1 |
0 |
|a La comunicazione radiologica nella società del benessere
|h [electronic resource] /
|c edited by Francesco Schiavon, Giuseppe Guglielmi, Antonio Rotondo.
|
| 264 |
|
1 |
|a Milano :
|b Springer Milan :
|b Imprint: Springer,
|c 2012.
|
| 300 |
|
|
|a XX, 186 pagg.
|b online resource.
|
| 336 |
|
|
|a text
|b txt
|2 rdacontent
|
| 337 |
|
|
|a computer
|b c
|2 rdamedia
|
| 338 |
|
|
|a online resource
|b cr
|2 rdacarrier
|
| 347 |
|
|
|a text file
|b PDF
|2 rda
|
| 505 |
0 |
|
|a Presentazione -- Prefazione -- I.Parte introduttiva -- Introduzione: gli scenari attuali -- Storia della comunicazione radiologica.- Gli altri attori della comunicazione radiologica: paziente ed utente. - Capitolo 4:M. Bobbio: I rischi di una diagnostica senza limiti -- II.Parte generale.- La comunicazione radiologica odierna.- Radiologo e paziente-utente:la psicologia e il rapporto intra-peri-esame.- Oltre l'immagine:Comunicazione e intesa tra medico e paziente -- Formazione e comunicazione in medicina tra nativi analogici e digitali.- La comunicazione verbale: criteri e consigli.- Le problematiche medico-legali -- III Parte specialistica -- La comunicazione in senologia -- Il valore dei reperti incidentali -- IV Parte tecnica -- Cosa cambia con il PACS? -- Il ruolo dell'informatizzazione -- RIS-PACS: Struttura e funzione; standard DICOM e IHE -- RIS-PACS: Progettazione ed implementazione -- RIS-PACS: Memorizzazione, archiviazione, conservazione -- RIS-PACS: Problematiche cliniche e professionali -- Il referto strutturato -- Considerazioni conclusive -- Indice analitico.
|
| 520 |
|
|
|a Dopo esserci occupati della comunicazione degli esami radiologici nei Pazienti degenti in Ospedale, riteniamo opportuno trattarla anche in quelli ambulatoriali; in modo da completare l'argomento e integrare gli ambiti sanitari. Infatti, negli ambulatori convenzionati vengono effettuate prestazioni sanitarie, che l'Ospedale non è in grado di erogare, anche e soprattutto a Utenti, cioè a persone in apparente benessere, con le seguenti caratteristiche: -comunicazione di stato di malattia in fase pre-clinica,cioè asintomatica; -comunicazione di negatività in presunto malato; -richiamo ad adeguato stile di vita (cultura della salute); -educazione sanitaria. Tutto ciò implica l'integrazione multi-disciplinare (Radiologo, Psicologo, Eticista, Economista, etc..) e l'applicazione di modelli comunicativi-sia di metodo che applicativi-finalizzati e specifici.
|
| 650 |
|
0 |
|a Medicine.
|
| 650 |
|
0 |
|a Radiology.
|
| 650 |
1 |
4 |
|a Medicine & Public Health.
|
| 650 |
2 |
4 |
|a Imaging / Radiology.
|
| 650 |
2 |
4 |
|a Diagnostic Radiology.
|
| 700 |
1 |
|
|a Schiavon, Francesco.
|e editor.
|
| 700 |
1 |
|
|a Guglielmi, Giuseppe.
|e editor.
|
| 700 |
1 |
|
|a Rotondo, Antonio.
|e editor.
|
| 710 |
2 |
|
|a SpringerLink (Online service)
|
| 773 |
0 |
|
|t Springer eBooks
|
| 776 |
0 |
8 |
|i Printed edition:
|z 9788847025035
|
| 856 |
4 |
0 |
|u http://dx.doi.org/10.1007/978-88-470-2504-2
|z Full Text via HEAL-Link
|
| 912 |
|
|
|a ZDB-2-SME
|
| 950 |
|
|
|a Medicine (Springer-11650)
|